000 00432nam a2200193Ia 4500
005 20240823022948.0
008 240823s9999||||xx |||||||||||||| ||und||
020 _a0-00-778628-X
041 _aENGLISH
082 _A823 P6
100 _aSidney Sheldon
245 4 _aThe Nacked face
250 _a1st
260 _c2006
_b"Harper Collins,New"
500 _aYES
650 _aNovel
_bEnglish
942 _cBK
999 _c180412
_d180412